01485nam a2200289 a 4500001001000000005001700010041000800027044000700035084002000042100004500062245010600107260003700213300003300250500022000283500004900503500024000552500005000792500001100842546002200853650005200875650005600927650003400983650004501017700004101062700004201103740005001145BRCA_344920190320204304.0 ascc arv a738b.K65c18951 aCervantes Saavedra, Miguel ded1547-161610aMigela Servantesa Savedre veleumni plemic Don Kihote od MancecSa spanjolskog preveo Dzordze Popovic. aBelgradobJ. M. Kolarcac1895-96 a1 v. en 4 tomosbil.c22 cm. aContenido : v.1. Primera parte. Vida y obra de Cervantes por Dz. Popovic. Prólogo del autor. 1895. -- v.2. Primera parte. Texto. 1895. -- v.3. Segunda parte. Prólogo del autor. 1896. -- v.4. Segunda parte. Texto aEdición : Sa 20 ilustracija od Toni Zoanoa aTraducción directa del español por Jorge Popovic, precedida de un estudio biográfico sobre Cervantes y de un análisis de sus obras, por el mismo traductor. Va ilustrada con los dibujos de T. Johannot. Rústica Lúdovik Osterc aEstado físico : Encuadernación maltratada aQM597A aTexto en : servio14aNovela españolayÉpoca clásica, 1500-170014aLiteratura españolayÉpoca clásica, 1500-170014aNovela españolaySiglo XVII14aDon Quijote (Personaje ficticio)eNovela1 aPopovic, Jorged1832-1914eTraductor1 aJohannot, Tonyd1803-1852eIlustrador0 aEl Ingenioso Hidalgo Don Quijote de la Mancha